[Event "94th Tradewise Hastings Congress"]
[Site "Hastings"]
[Date "2018.12.28"]
[Round "1"]
[White "Sugden, John N"]
[Black "Miller, Dominic"]
[Result "0-1"]
[WhiteElo "2072"]
[BlackElo "2061"]
[Annotator "NA"]
[PlyCount "72"]
[EventDate "2018.12.28"]
[EventType "swiss"]
[EventCountry "ENG"]
[TimeControl "40/6000+30:3000+30"]

1. d4 {[%emt 0:00:00]} d5 {[%emt 0:00:27]} 2. c4 {[%emt 0:00:06]} c6 {[%emt 0:00:04]} 3. Nf3 {[%emt 0:00:17]} Nf6 {[%emt 0:00:04]} 4. Nc3 {[%emt 0:00:14]} e6 {[%emt 0:00:04]} 5. e3 {[%emt 0:00:21]} Nbd7 {[%emt 0:00:05]} 6. Bd3 {[%emt 0:00:17]} dxc4 {[%emt 0:00:04]} 7. Bxc4 {[%emt 0:00:12]} b5 {[%emt 0:00:02]} 8. Bd3 {[%emt 0:00:19]} Bb7 {[%emt 0:00:07]} 9. e4 {[%emt 0:15:27]} b4 {[%emt 0:07:32]} 10. Na4 {[%emt 0:04:12]} c5 {[%emt 0:08:12]} 11. e5 {[%emt 0:03:46]} Nd5 {[%emt 0:00:05]} 12. dxc5 {[%emt 0:05:50]} Nxc5 {[%emt 0:02:53]} 13. Nxc5 {[%emt 0:05:28]} Bxc5 {[%emt 0:00:07]} 14. Qa4+ {[%emt 0:04:24]} Kf8 {[%emt 0:01:58]} 15. Bg5 {[%emt 0:05:17]} Qb6 {[%emt 0:00:20]} 16. O-O {[%emt 0:01:57]} h6 {[%emt 0:01:52]} 17. Bd2 {[%emt 0:03:16]} g6 {[%emt 0:02:30]} 18. Rac1 {[%emt 0:04:49]} Kg7 {[%emt 0:02:11]} 19. Qd1 {[%emt 0:03:13]} Rhd8 {[%emt 0:08:59]} 20. Qe2 {[%emt 0:01:20]} Ne7 {[%emt 0:02:53]} 21. Rfd1 {[%emt 0:07:40]} a5 {[%emt 0:21:30]} 22. Be1 {[%emt 0:03:26]} Rac8 {[%emt 0:06:37]} 23. Be4 {[%emt 0:16:42]} Ba6 {[%emt 0:00:25]} 24. Qc2 {[%emt 0:02:15]} Be3 {[%emt 0:05:06]} 25. Qb1 {[%emt 0:02:26]} Bxc1 {[%emt 0:01:29]} 26. Rxc1 {[%emt 0:00:11]} Rxc1 {[%emt 0:03:27]} 27. Qxc1 {[%emt 0:00:14]} Bd3 {[%emt 0:00:30]} 28. Bxd3 {[%emt 0:01:08]} Rxd3 {[%emt 0:00:05]} 29. Bd2 {[%emt 0:01:01]} Qc6 {[%emt 0:13:03]} 30. Qb1 {[%emt 0:08:02]} Qd5 {[%emt 0:00:34]} 31. Qc2 {[%emt 0:00:10]} Nf5 {[%emt 0:00:54]} 32. Kf1 {[%emt 0:02:23]} Qb5 {[%emt 0:02:43]} 33. Ke1 {[%emt 0:01:49]} Nd4 {[%emt 0:01:35]} 34. Nxd4 {[%emt 0:01:03]} Rxd4 {[%emt 0:00:04]} 35. f4 {[%emt 0:01:47]} Rc4 {[%emt 0:02:37]} 36. Qb1 {[%emt 0:02:44]} Qd5 {[%emt 0:00:40]} 0-1

[Event "94th Tradewise Hastings Congress"]
[Site "Hastings"]
[Date "2018.12.28"]
[Round "1"]
[White "Nettleton, Charlie B"]
[Black "Salmons, Calum"]
[Result "1-0"]
[WhiteElo "2059"]
[BlackElo "1905"]
[Annotator "NA"]
[PlyCount "71"]
[EventDate "2018.12.28"]
[EventType "swiss"]
[EventCountry "ENG"]
[TimeControl "40/6000+30:3000+30"]

1. b3 {[%emt 0:00:00]} c5 {[%emt 0:00:00]} 2. Bb2 {[%emt 0:00:00]} Nc6 {[%emt 0:00:00]} 3. e3 {[%emt 0:00:45]} d6 {[%emt 0:00:18]} 4. Bb5 {[%emt 0:02:00]} Bd7 {[%emt 0:00:07]} 5. Nf3 {[%emt 0:07:03]} Nf6 {[%emt 0:04:08]} 6. O-O {[%emt 0:03:22]} a6 {[%emt 0:01:23]} 7. Be2 {[%emt 0:17:54]} e6 {[%emt 0:04:08]} 8. c4 {[%emt 0:01:31]} d5 {[%emt 0:08:00]} 9. cxd5 {[%emt 0:01:03]} exd5 {[%emt 0:00:14]} 10. d4 {[%emt 0:00:39]} b5 {[%emt 0:05:52]} 11. dxc5 {[%emt 0:02:40]} Bxc5 {[%emt 0:01:45]} 12. Nc3 {[%emt 0:00:43]} Be6 {[%emt 0:03:08]} 13. Rc1 {[%emt 0:01:59]} Qb6 {[%emt 0:19:29]} 14. Qc2 {[%emt 0:05:48]} Be7 {[%emt 0:13:56]} 15. Nxb5 {[%emt 0:26:50]} axb5 {[%emt 0:00:49]} 16. Qxc6+ {[%emt 0:00:08]} Qxc6 {[%emt 0:00:24]} 17. Rxc6 {[%emt 0:00:07]} Rxa2 {[%emt 0:04:17]} 18. Bxb5 {[%emt 0:01:53]} O-O {[%emt 0:01:38]} 19. Be5 {[%emt 0:07:49]} Ng4 {[%emt 0:07:39]} 20. Bg3 {[%emt 0:01:57]} Rb2 {[%emt 0:07:35]} 21. Nd4 {[%emt 0:03:10]} Bd7 {[%emt 0:03:24]} 22. Rb6 {[%emt 0:01:01]} Bxb5 {[%emt 0:08:45]} 23. Rxb5 {[%emt 0:00:11]} Bg5 {[%emt 0:02:53]} 24. Re1 {[%emt 0:04:29]} Nf6 {[%emt 0:08:13]} 25. Nf3 {[%emt 0:00:56]} Bh6 {[%emt 0:00:28]} 26. Be5 {[%emt 0:00:20]} Ra2 {[%emt 0:01:32]} 27. Bxf6 {[%emt 0:01:02]} gxf6 {[%emt 0:00:01]} 28. Rxd5 {[%emt 0:00:58]} Rb2 {[%emt 0:00:13]} 29. Nd4 {[%emt 0:00:47]} Ra8 {[%emt 0:00:27]} 30. Rd1 {[%emt 0:03:04]} Raa2 {[%emt 0:02:34]} 31. Nf5 {[%emt 0:03:41]} Bf8 {[%emt 0:00:57]} 32. Rd8 {[%emt 0:00:27]} h6 {[%emt 0:00:55]} 33. Rxf8+ {[%emt 0:00:30]} Kh7 {[%emt 0:00:01]} 34. g4 {[%emt 0:01:42]} Ra7 {[%emt 0:01:00]} 35. Rdd8 {[%emt 0:00:00]} Rb1+ {[%emt 0:00:41]} 36. Kg2 {[%emt 0:00:00]} 1-0

[Event "94th Tradewise Hastings Congress"]
[Site "Hastings"]
[Date "2018.12.28"]
[Round "1"]
[White "Armstrong, Malcolm J"]
[Black "Graham, Cassie M"]
[Result "1/2-1/2"]
[WhiteElo "2052"]
[BlackElo "1889"]
[Annotator "NA"]
[PlyCount "59"]
[EventDate "2018.12.28"]
[EventType "swiss"]
[EventCountry "ENG"]
[TimeControl "40/6000+30:3000+30"]

1. d4 {[%emt 0:00:00]} Nf6 {[%emt 0:00:00]} 2. Nf3 {[%emt 0:00:00]} g6 {[%emt 0:00:00]} 3. b3 {[%emt 0:00:02]} Bg7 {[%emt 0:00:00]} 4. Bb2 {[%emt 0:00:10]} O-O {[%emt 0:00:22]} 5. e3 {[%emt 0:01:15]} d5 {[%emt 0:01:54]} 6. Be2 {[%emt 0:03:07]} c6 {[%emt 0:06:58]} 7. O-O {[%emt 0:00:19]} Re8 {[%emt 0:01:00]} 8. c4 {[%emt 0:02:57]} Bg4 {[%emt 0:04:56]} 9. Nc3 {[%emt 0:02:14]} Nbd7 {[%emt 0:04:19]} 10. cxd5 {[%emt 0:01:06]} cxd5 {[%emt 0:00:24]} 11. Rc1 {[%emt 0:01:27]} Rc8 {[%emt 0:02:20]} 12. h3 {[%emt 0:02:23]} Bf5 {[%emt 0:04:57]} 13. g4 {[%emt 0:08:59]} Be6 {[%emt 0:02:15]} 14. Ng5 {[%emt 0:01:37]} Nf8 {[%emt 0:01:16]} 15. Nxe6 {[%emt 0:00:24]} Nxe6 {[%emt 0:00:05]} 16. f4 {[%emt 0:09:35]} Qd6 {[%emt 0:06:11]} 17. Bb5 {[%emt 0:06:55]} Rf8 {[%emt 0:04:01]} 18. Qf3 {[%emt 0:02:00]} Rcd8 {[%emt 0:13:41]} 19. Bd3 {[%emt 0:01:22]} a6 {[%emt 0:01:34]} 20. Rf2 {[%emt 0:05:35]} b5 {[%emt 0:06:10]} 21. Rfc2 {[%emt 0:02:41]} Rd7 {[%emt 0:18:00]} 22. h4 {[%emt 0:09:52]} b4 {[%emt 0:11:14]} 23. Na4 {[%emt 0:02:26]} Rc7 {[%emt 0:00:18]} 24. Nc5 {[%emt 0:08:01]} Rfc8 {[%emt 0:01:16]} 25. g5 {[%emt 0:11:21]} Ne8 {[%emt 0:02:05]} 26. Nxe6 {[%emt 0:02:38]} Rxc2 {[%emt 0:03:33]} 27. Rxc2 {[%emt 0:00:22]} Rxc2 {[%emt 0:00:54]} 28. Bxc2 {[%emt 0:00:10]} Qxe6 {[%emt 0:00:14]} 29. Bd3 {[%emt 0:02:00]} Nd6 {[%emt 0:01:43]} 30. Kf2 {[%emt 0:11:45]} 1/2-1/2

[Event "94th Tradewise Hastings Congress"]
[Site "Hastings"]
[Date "2018.12.28"]
[Round "1"]
[White "Barton, R Alan"]
[Black "Boswell, Jacob Connor"]
[Result "1/2-1/2"]
[WhiteElo "2037"]
[BlackElo "1858"]
[Annotator "NA"]
[PlyCount "113"]
[EventDate "2018.12.28"]
[EventType "swiss"]
[EventCountry "ENG"]
[TimeControl "40/6000+30:3000+30"]

1. Nf3 {[%emt 0:00:00]} Nf6 {[%emt 0:00:00]} 2. c4 {[%emt 0:00:37]} e6 {[%emt 0:00:40]} 3. b3 {[%emt 0:00:50]} d5 {[%emt 0:01:36]} 4. Bb2 {[%emt 0:00:04]} Be7 {[%emt 0:01:19]} 5. e3 {[%emt 0:02:13]} O-O {[%emt 0:02:18]} 6. Be2 {[%emt 0:00:20]} a6 {[%emt 0:12:11]} 7. O-O {[%emt 0:01:19]} dxc4 {[%emt 0:02:26]} 8. bxc4 {[%emt 0:00:53]} c5 {[%emt 0:01:27]} 9. Ne5 {[%emt 0:05:22]} Nbd7 {[%emt 0:04:01]} 10. Qc2 {[%emt 0:03:24]} Qc7 {[%emt 0:04:26]} 11. f4 {[%emt 0:03:13]} b6 {[%emt 0:20:18]} 12. Bf3 {[%emt 0:03:57]} Bb7 {[%emt 0:00:33]} 13. Nc3 {[%emt 0:11:47]} Bxf3 {[%emt 0:04:02]} 14. Rxf3 {[%emt 0:08:03]} Nxe5 {[%emt 0:01:36]} 15. fxe5 {[%emt 0:00:05]} Ng4 {[%emt 0:00:11]} 16. Rh3 {[%emt 0:07:21]} h6 {[%emt 0:00:13]} 17. d4 {[%emt 0:09:28]} Nxe3 {[%emt 0:05:10]} 18. Rxe3 {[%emt 0:00:25]} cxd4 {[%emt 0:00:04]} 19. Ree1 {[%emt 0:08:39]} dxc3 {[%emt 0:02:48]} 20. Qxc3 {[%emt 0:00:22]} Rac8 {[%emt 0:00:47]} 21. Rac1 {[%emt 0:03:25]} b5 {[%emt 0:04:19]} 22. cxb5 {[%emt 0:04:39]} Qb6+ {[%emt 0:07:48]} 23. Qd4 {[%emt 0:00:03]} Qxb5 {[%emt 0:08:00]} 24. Qf2 {[%emt 0:13:28]} Rfd8 {[%emt 0:06:10]} 25. Rxc8 {[%emt 0:02:04]} Rxc8 {[%emt 0:00:02]} 26. Qe2 {[%emt 0:00:40]} Qa4 {[%emt 0:05:17]} 27. Rc1 {[%emt 0:02:56]} Rxc1+ {[%emt 0:01:42]} 28. Bxc1 {[%emt 0:00:06]} Qd4+ {[%emt 0:00:04]} 29. Kf1 {[%emt 0:07:48]} Bc5 {[%emt 0:04:05]} 30. Ke1 {[%emt 0:00:00]} Qc3+ {[%emt 0:02:09]} 31. Kd1 {[%emt 0:01:41]} Ba3 {[%emt 0:05:30]} 32. Bxa3 {[%emt 0:01:15]} Qxa3 {[%emt 0:00:03]} 33. Qc2 {[%emt 0:01:37]} Qa5 {[%emt 0:00:53]} 34. Qc8+ {[%emt 0:01:48]} Kh7 {[%emt 0:00:01]} 35. Qc2+ {[%emt 0:00:29]} g6 {[%emt 0:01:27]} 36. Qb2 {[%emt 0:02:12]} Qd5+ {[%emt 0:02:14]} 37. Kc1 {[%emt 0:01:48]} Qc5+ {[%emt 0:01:16]} 38. Kd2 {[%emt 0:02:40]} Qf2+ {[%emt 0:00:31]} 39. Kc3 {[%emt 0:00:27]} Qxb2+ {[%emt 0:01:08]} 40. Kxb2 {[%emt 0:00:04]} Kg7 {[%emt 0:00:08]} 41. Kc3 {[%emt 0:51:38]} a5 {[%emt 0:51:00]} 42. Kb3 {[%emt 0:00:00]} f5 {[%emt 0:00:00]} 43. Ka4 {[%emt 0:00:00]} g5 {[%emt 0:00:00]} 44. Kxa5 {[%emt 0:00:00]} Kf7 {[%emt 0:00:00]} 45. a4 {[%emt 0:00:00]} Ke7 {[%emt 0:00:00]} 46. Kb6 {[%emt 0:00:00]} f4 {[%emt 0:00:00]} 47. a5 {[%emt 0:00:00]} g4 {[%emt 0:00:00]} 48. a6 {[%emt 0:00:00]} f3 {[%emt 0:00:00]} 49. gxf3 {[%emt 0:00:00]} gxf3 {[%emt 0:00:00]} 50. a7 {[%emt 0:00:00]} f2 {[%emt 0:00:00]} 51. a8=Q {[%emt 0:00:00]} f1=Q {[%emt 0:00:00]} 52. Qb7+ {[%emt 0:00:00]} Ke8 {[%emt 0:00:00]} 53. Qc6+ {[%emt 0:00:00]} Ke7 {[%emt 0:00:00]} 54. Qd6+ {[%emt 0:00:00]} Kf7 {[%emt 0:00:00]} 55. Qd7+ {[%emt 0:00:00]} Kf8 {[%emt 0:00:00]} 56. Qd8+ {[%emt 0:00:00]} Kf7 {[%emt 0:00:00]} 57. Qd7+ {[%emt 0:00:00]} 1/2-1/2

[Event "94th Tradewise Hastings Congress"]
[Site "Hastings"]
[Date "2018.12.28"]
[Round "1"]
[White "Midhun, P U"]
[Black "Wilson, Matthew R"]
[Result "1-0"]
[WhiteElo "2010"]
[BlackElo "1820"]
[Annotator "NA"]
[PlyCount "105"]
[EventDate "2018.12.28"]
[EventType "swiss"]
[EventCountry "ENG"]
[TimeControl "40/6000+30:3000+30"]

1. Nf3 {[%emt 0:00:00]} Nf6 {[%emt 0:00:00]} 2. c4 {[%emt 0:00:00]} e6 {[%emt 0:00:41]} 3. g3 {[%emt 0:01:03]} d5 {[%emt 0:00:57]} 4. Bg2 {[%emt 0:00:00]} c6 {[%emt 0:04:03]} 5. b3 {[%emt 0:05:23]} Bd6 {[%emt 0:03:46]} 6. Bb2 {[%emt 0:05:04]} Nbd7 {[%emt 0:00:45]} 7. O-O {[%emt 0:01:22]} O-O {[%emt 0:00:40]} 8. d3 {[%emt 0:01:39]} Re8 {[%emt 0:10:19]} 9. Nc3 {[%emt 0:03:38]} e5 {[%emt 0:04:51]} 10. cxd5 {[%emt 0:07:34]} cxd5 {[%emt 0:07:48]} 11. Nd2 {[%emt 0:00:17]} Qa5 {[%emt 0:02:21]} 12. Nxd5 {[%emt 0:17:36]} Nxd5 {[%emt 0:02:35]} 13. Nc4 {[%emt 0:00:14]} Qa6 {[%emt 0:12:22]} 14. Bxd5 {[%emt 0:00:17]} Nf6 {[%emt 0:09:03]} 15. Bg2 {[%emt 0:01:17]} Bc7 {[%emt 0:13:13]} 16. b4 {[%emt 0:23:58]} Bg4 {[%emt 0:11:36]} 17. Ne3 {[%emt 0:00:00]} Be6 {[%emt 0:04:32]} 18. a4 {[%emt 0:00:00]} Qd6 {[%emt 0:02:49]} 19. b5 {[%emt 0:00:00]} Nd5 {[%emt 0:03:17]} 20. Nc4 {[%emt 0:00:00]} Qe7 {[%emt 0:03:43]} 21. Nxe5 {[%emt 0:04:07]} Bxe5 {[%emt 0:02:07]} 22. Bxe5 {[%emt 0:00:08]} Bg4 {[%emt 0:01:23]} 23. Bxd5 {[%emt 0:03:43]} Qxe5 {[%emt 0:00:16]} 24. Qb3 {[%emt 0:00:07]} Re7 {[%emt 0:01:20]} 25. e3 {[%emt 0:08:11]} Rd8 {[%emt 0:03:29]} 26. Bg2 {[%emt 0:00:13]} Qh5 {[%emt 0:01:12]} 27. Rfc1 {[%emt 0:03:54]} Be6 {[%emt 0:03:29]} 28. Qb4 {[%emt 0:00:42]} Red7 {[%emt 0:00:13]} 29. Rc5 {[%emt 0:01:07]} Qe2 {[%emt 0:00:36]} 30. d4 {[%emt 0:01:10]} h6 {[%emt 0:00:19]} 31. Qe1 {[%emt 0:03:23]} Qg4 {[%emt 0:00:27]} 32. Qd1 {[%emt 0:00:31]} Qg6 {[%emt 0:00:15]} 33. Qc2 {[%emt 0:00:15]} Qg4 {[%emt 0:00:44]} 34. h3 {[%emt 0:00:26]} Qg6 {[%emt 0:00:44]} 35. Qxg6 {[%emt 0:00:03]} fxg6 {[%emt 0:00:03]} 36. a5 {[%emt 0:01:26]} g5 {[%emt 0:00:02]} 37. g4 {[%emt 0:02:37]} Bd5 {[%emt 0:00:19]} 38. e4 {[%emt 0:00:41]} Bf7 {[%emt 0:00:45]} 39. d5 {[%emt 0:00:14]} h5 {[%emt 0:00:46]} 40. b6 {[%emt 0:00:39]} axb6 {[%emt 0:00:55]} 41. axb6 {[%emt 0:50:02]} hxg4 {[%emt 0:50:50]} 42. hxg4 {[%emt 0:00:09]} Rd6 {[%emt 0:00:35]} 43. Rb1 {[%emt 0:00:09]} Bg6 {[%emt 0:00:00]} 44. Rb4 {[%emt 0:00:00]} Ra8 {[%emt 0:00:00]} 45. e5 {[%emt 0:00:00]} Ra1+ {[%emt 0:00:00]} 46. Kh2 {[%emt 0:00:00]} Rd8 {[%emt 0:00:00]} 47. Rb2 {[%emt 0:00:00]} Rf8 {[%emt 0:00:00]} 48. d6 {[%emt 0:00:00]} Rf4 {[%emt 0:00:00]} 49. d7 {[%emt 0:00:00]} Rxg4 {[%emt 0:00:00]} 50. d8=Q+ {[%emt 0:00:00]} Kh7 {[%emt 0:00:00]} 51. Rc3 {[%emt 0:00:00]} Rxg2+ {[%emt 0:00:00]} 52. Kxg2 {[%emt 0:00:00]} Be4+ {[%emt 0:00:00]} 53. f3 {[%emt 0:00:00]} 1-0

[Event "94th Tradewise Hastings Congress"]
[Site "Hastings"]
[Date "2018.12.28"]
[Round "1"]
[White "Heinsohn, Michael"]
[Black "Carulla Pons, Carlos"]
[Result "1-0"]
[WhiteElo "1961"]
[BlackElo "1811"]
[Annotator "NA"]
[PlyCount "83"]
[EventDate "2018.12.28"]
[EventType "swiss"]
[EventCountry "ENG"]
[TimeControl "40/6000+30:3000+30"]

1. d4 {[%emt 0:00:00]} Nf6 {[%emt 0:00:10]} 2. c4 {[%emt 0:00:00]} g6 {[%emt 0:00:26]} 3. Nc3 {[%emt 0:00:00]} Bg7 {[%emt 0:00:10]} 4. e4 {[%emt 0:00:00]} d6 {[%emt 0:00:12]} 5. Be2 {[%emt 0:00:00]} O-O {[%emt 0:00:33]} 6. Bg5 {[%emt 0:00:07]} c5 {[%emt 0:01:18]} 7. d5 {[%emt 0:00:10]} h6 {[%emt 0:04:22]} 8. Bf4 {[%emt 0:00:10]} Qa5 {[%emt 0:02:12]} 9. Qd2 {[%emt 0:00:57]} Kh7 {[%emt 0:00:35]} 10. Nf3 {[%emt 0:07:30]} Bg4 {[%emt 0:09:15]} 11. h3 {[%emt 0:10:58]} Bxf3 {[%emt 0:02:20]} 12. Bxf3 {[%emt 0:00:40]} Nbd7 {[%emt 0:00:37]} 13. O-O {[%emt 0:01:09]} a6 {[%emt 0:09:41]} 14. Be2 {[%emt 0:02:45]} Ne8 {[%emt 0:13:52]} 15. Be3 {[%emt 0:07:33]} Rb8 {[%emt 0:07:31]} 16. a4 {[%emt 0:04:41]} Qb6 {[%emt 0:15:26]} 17. Qc2 {[%emt 0:11:28]} Kh8 {[%emt 0:03:47]} 18. a5 {[%emt 0:07:29]} Qc7 {[%emt 0:09:58]} 19. Qd2 {[%emt 0:01:58]} Kh7 {[%emt 0:00:10]} 20. f4 {[%emt 0:00:36]} e5 {[%emt 0:06:27]} 21. f5 {[%emt 0:03:30]} Nef6 {[%emt 0:01:00]} 22. g4 {[%emt 0:01:18]} Ng8 {[%emt 0:02:27]} 23. Bd3 {[%emt 0:17:54]} Qd8 {[%emt 0:01:16]} 24. Rf3 {[%emt 0:10:15]} Bf6 {[%emt 0:02:12]} 25. Ne2 {[%emt 0:06:27]} Bh4 {[%emt 0:02:05]} 26. Raf1 {[%emt 0:00:32]} Qe7 {[%emt 0:01:33]} 27. Ng3 {[%emt 0:04:42]} Bg5 {[%emt 0:00:32]} 28. Bxg5 {[%emt 0:01:47]} Qxg5 {[%emt 0:00:04]} 29. Qxg5 {[%emt 0:00:38]} hxg5 {[%emt 0:00:01]} 30. fxg6+ {[%emt 0:00:21]} Kxg6 {[%emt 0:03:11]} 31. Nf5 {[%emt 0:00:10]} b6 {[%emt 0:00:48]} 32. Nxd6 {[%emt 0:01:30]} f6 {[%emt 0:01:14]} 33. Nf5 {[%emt 0:03:31]} bxa5 {[%emt 0:01:08]} 34. Ra1 {[%emt 0:01:50]} Rxb2 {[%emt 0:00:20]} 35. Rxa5 {[%emt 0:00:15]} Rfb8 {[%emt 0:02:56]} 36. Rxa6 {[%emt 0:00:24]} Rd2 {[%emt 0:00:14]} 37. Ra7 {[%emt 0:00:48]} Rd8 {[%emt 0:00:55]} 38. Bf1 {[%emt 0:00:28]} Nh6 {[%emt 0:00:34]} 39. Ne7+ {[%emt 0:01:37]} Kf7 {[%emt 0:01:38]} 40. Nc6 {[%emt 0:00:08]} Ke8 {[%emt 0:00:32]} 41. Nxd8 {[%emt 0:50:24]} Kxd8 {[%emt 0:50:03]} 42. Rb3 {[%emt 0:01:41]} 1-0

[Event "94th Tradewise Hastings Congress"]
[Site "Hastings"]
[Date "2018.12.28"]
[Round "1"]
[White "Royal, Shreyas"]
[Black "Kalavannan, Koby"]
[Result "1/2-1/2"]
[WhiteElo "1930"]
[BlackElo "2328"]
[Annotator "NA"]
[PlyCount "102"]
[EventDate "2018.12.28"]
[EventType "swiss"]
[EventCountry "ENG"]
[TimeControl "40/6000+30:3000+30"]

1. d4 {[%emt 0:00:00]} Nf6 {[%emt 0:00:00]} 2. c4 {[%emt 0:00:02]} g6 {[%emt 0:00:00]} 3. Nc3 {[%emt 0:00:53]} Bg7 {[%emt 0:00:00]} 4. e4 {[%emt 0:00:43]} d6 {[%emt 0:00:00]} 5. Nge2 {[%emt 0:00:51]} O-O {[%emt 0:00:00]} 6. Ng3 {[%emt 0:00:41]} h5 {[%emt 0:00:03]} 7. Be2 {[%emt 0:01:32]} Nbd7 {[%emt 0:00:09]} 8. O-O {[%emt 0:05:41]} e5 {[%emt 0:00:27]} 9. d5 {[%emt 0:04:19]} h4 {[%emt 0:01:35]} 10. Nh1 {[%emt 0:04:21]} Nh7 {[%emt 0:01:25]} 11. Be3 {[%emt 0:10:21]} f5 {[%emt 0:01:45]} 12. exf5 {[%emt 0:01:12]} gxf5 {[%emt 0:00:26]} 13. f4 {[%emt 0:00:08]} Nc5 {[%emt 0:13:39]} 14. Nf2 {[%emt 0:06:01]} Qe7 {[%emt 0:08:00]} 15. Qd2 {[%emt 0:03:28]} a5 {[%emt 0:03:32]} 16. Rae1 {[%emt 0:04:06]} e4 {[%emt 0:02:24]} 17. Bd4 {[%emt 0:11:13]} Bd7 {[%emt 0:09:02]} 18. Bxg7 {[%emt 0:05:47]} Qxg7 {[%emt 0:00:05]} 19. Nfd1 {[%emt 0:00:46]} Rf6 {[%emt 0:02:28]} 20. Qd4 {[%emt 0:04:30]} Qh6 {[%emt 0:04:40]} 21. Qf2 {[%emt 0:01:27]} Rg6 {[%emt 0:03:17]} 22. Ne3 {[%emt 0:01:06]} Kf7 {[%emt 0:00:51]} 23. Nb5 {[%emt 0:07:48]} c6 {[%emt 0:14:51]} 24. Nd4 {[%emt 0:03:30]} Rag8 {[%emt 0:02:25]} 25. Kh1 {[%emt 0:00:44]} Rf6 {[%emt 0:03:04]} 26. Rd1 {[%emt 0:00:49]} Ke7 {[%emt 0:12:26]} 27. Rd2 {[%emt 0:01:15]} Nf8 {[%emt 0:05:47]} 28. Rfd1 {[%emt 0:05:52]} Ng6 {[%emt 0:00:24]} 29. Rf1 {[%emt 0:00:06]} Nf8 {[%emt 0:06:24]} 30. Rfd1 {[%emt 0:00:07]} Ng6 {[%emt 0:00:02]} 31. Rf1 {[%emt 0:00:09]} Na6 {[%emt 0:06:13]} 32. dxc6 {[%emt 0:00:37]} bxc6 {[%emt 0:00:01]} 33. b3 {[%emt 0:01:55]} Nc7 {[%emt 0:01:03]} 34. Bd1 {[%emt 0:02:42]} Qf8 {[%emt 0:05:29]} 35. Bc2 {[%emt 0:00:17]} Ne8 {[%emt 0:01:00]} 36. Qe1 {[%emt 0:01:26]} Ng7 {[%emt 0:01:00]} 37. Rdf2 {[%emt 0:04:40]} Qa8 {[%emt 0:01:23]} 38. Rd2 {[%emt 0:00:32]} Kf7 {[%emt 0:01:08]} 39. Qd1 {[%emt 0:01:16]} Qf8 {[%emt 0:01:06]} 40. Qe1 {[%emt 0:00:55]} Nh5 {[%emt 0:00:38]} 41. Ne2 {[%emt 0:52:18]} Qh6 {[%emt 0:51:44]} 42. Qf2 {[%emt 0:05:39]} Rh8 {[%emt 0:00:00]} 43. Kg1 {[%emt 0:00:00]} Rg8 {[%emt 0:00:00]} 44. Kh1 {[%emt 0:00:00]} Ke7 {[%emt 0:00:00]} 45. a3 {[%emt 0:00:00]} Rf7 {[%emt 0:00:00]} 46. Rfd1 {[%emt 0:00:00]} Rf6 {[%emt 0:00:00]} 47. Rf1 {[%emt 0:00:00]} Be6 {[%emt 0:00:00]} 48. b4 {[%emt 0:00:00]} axb4 {[%emt 0:00:00]} 49. axb4 {[%emt 0:00:00]} Rf7 {[%emt 0:00:00]} 50. b5 {[%emt 0:00:00]} cxb5 {[%emt 0:00:00]} 51. cxb5 {[%emt 0:00:00]} Rh7 {[%emt 0:00:00]} 1/2-1/2

[Event "94th Tradewise Hastings Congress"]
[Site "Hastings"]
[Date "2018.12.28"]
[Round "1"]
[White "Chapman, Matt"]
[Black "Comellas Blanchart, Jordi"]
[Result "0-1"]
[WhiteElo "1902"]
[BlackElo "2055"]
[Annotator "NA"]
[PlyCount "76"]
[EventDate "2018.12.28"]
[EventType "swiss"]
[EventCountry "ENG"]
[TimeControl "40/6000+30:3000+30"]

1. e4 {[%emt 0:00:00]} e5 {[%emt 0:00:00]} 2. Nf3 {[%emt 0:00:00]} Nc6 {[%emt 0:00:00]} 3. d4 {[%emt 0:00:00]} exd4 {[%emt 0:00:00]} 4. Bc4 {[%emt 0:00:00]} Nf6 {[%emt 0:00:17]} 5. e5 {[%emt 0:00:28]} d5 {[%emt 0:00:21]} 6. Bb5 {[%emt 0:00:09]} Ne4 {[%emt 0:00:16]} 7. Nxd4 {[%emt 0:00:11]} Bc5 {[%emt 0:00:25]} 8. Be3 {[%emt 0:00:55]} O-O {[%emt 0:00:31]} 9. Nxc6 {[%emt 0:02:04]} bxc6 {[%emt 0:00:36]} 10. Bxc5 {[%emt 0:00:39]} Nxc5 {[%emt 0:00:25]} 11. Bxc6 {[%emt 0:00:36]} Rb8 {[%emt 0:01:58]} 12. Qxd5 {[%emt 0:01:33]} Qe7 {[%emt 0:01:51]} 13. O-O {[%emt 0:01:26]} Rxb2 {[%emt 0:05:34]} 14. Na3 {[%emt 0:00:17]} Rd8 {[%emt 0:08:43]} 15. Qf3 {[%emt 0:04:51]} Ne6 {[%emt 0:06:05]} 16. Qc3 {[%emt 0:03:31]} Rb6 {[%emt 0:01:40]} 17. Rfd1 {[%emt 0:04:11]} Ba6 {[%emt 0:16:47]} 18. Bf3 {[%emt 0:11:04]} c5 {[%emt 0:03:21]} 19. Rxd8+ {[%emt 0:14:16]} Qxd8 {[%emt 0:02:34]} 20. Nc4 {[%emt 0:01:00]} Rb4 {[%emt 0:07:10]} 21. Nd6 {[%emt 0:05:09]} Qb6 {[%emt 0:10:02]} 22. Re1 {[%emt 0:05:33]} Nd4 {[%emt 0:03:51]} 23. Bd5 {[%emt 0:23:03]} Ne2+ {[%emt 0:03:14]} 24. Rxe2 {[%emt 0:00:05]} Bxe2 {[%emt 0:00:15]} 25. Bxf7+ {[%emt 0:00:37]} Kf8 {[%emt 0:13:40]} 26. h3 {[%emt 0:05:07]} Rd4 {[%emt 0:07:10]} 27. Bb3 {[%emt 0:02:22]} c4 {[%emt 0:14:00]} 28. Ba4 {[%emt 0:02:29]} Rd1+ {[%emt 0:00:30]} 29. Kh2 {[%emt 0:00:07]} Qxf2 {[%emt 0:00:20]} 30. Ne4 {[%emt 0:05:31]} Qf4+ {[%emt 0:00:25]} 31. Ng3 {[%emt 0:00:47]} h5 {[%emt 0:02:02]} 32. Qb4+ {[%emt 0:04:38]} Kg8 {[%emt 0:00:10]} 33. Qb8+ {[%emt 0:01:12]} Kh7 {[%emt 0:00:11]} 34. Qc8 {[%emt 0:00:57]} Qxe5 {[%emt 0:01:22]} 35. Bc6 {[%emt 0:03:23]} h4 {[%emt 0:00:26]} 36. Be4+ {[%emt 0:00:31]} g6 {[%emt 0:00:16]} 37. Bxg6+ {[%emt 0:00:34]} Kg7 {[%emt 0:00:20]} 38. Qb7+ {[%emt 0:00:37]} Kxg6 {[%emt 0:00:09]} 0-1